Les poetes francais d'aujord'hui (1939-1979) (Registro nro. 19448)

Detalles MARC
000 -ENCABEZADO
Número de control [NR] 00613nam a2200193Ia 4500
008 - DE LONGITUD FIJA DE DATOS DE ELEMENTOS - INFORMACIÓN GENERAL
Elementos de longitud fija [NR] 130821s1973 fr gr fre
020 ## - NUMERO INTERNACIONAL NORMALIZADO PARA LIBROS [R]
Número Internacional Normalizado del libro [NR] 2130362125
040 ## - FUENTE DE CATALOGACION [NR]
Agencia de catalogación original [NR] Co-BoUCM
Idioma de catalogación [NR] spa
041 ## - CODIGO DE IDIOMA [R]
Código de idioma para texto/pista de sonido o título separado [R] Francés
100 ## - ASIENTO PRINCIPAL--NOMBRE PERSONAL [NR]
Nombre personal [NR] Boisdeffre, Pierre De
245 #4 - MENCION DE TITULO [NR]
Título [NR] Les poetes francais d'aujord'hui (1939-1979)
Mención de responsabilidad, etc. [NR] Pierre de Boisdeffre
260 ## - PUBLICACION, DISTRIBUCION, ETC. (PIE DE IMPRENTA) [R]
Lugar de publicación, distribución, etc. [R] Paris (Francia)
Nombre del editor, distribuidor, etc. [R] Presses Universitaires de France
Fecha de publicación, distribución, etc. [R] 1973
300 ## - DESCRIPCION FISICA [R]
Extensión [R] 127 páginas
490 ## - MENCION DE SERIE [R]
Mención de serie [R] Que sais-je?
650 04 - ASIENTO SECUNDARIO DE MATERIA - TERMINO TEMATICO [R]
Término temático o nombre geográfico como elemento de entrada [NR] Literatura francesa
9 (RLIN) 7794
650 04 - ASIENTO SECUNDARIO DE MATERIA - TERMINO TEMATICO [R]
Término temático o nombre geográfico como elemento de entrada [NR] Poesía francesa
9 (RLIN) 21811
942 ## - ELEMENTOS DE ENTRADA AGREGADOS (KOHA)
Tipo de ítem principal el descrito en 300a Libro
Tema principal Literatura
Edición 1
Parte restante de la signatura top. B65
Sistema de clasificación DEWEY
Clasificación 840
Título oculto en OPAC No
Existencias
Signatura topográfica Código de barras Última vez visto Ejemplar Price effective from Tipo de ítem Perdido Sistema de clasificación Dañado No prestable Tipo de ítem específico Suprimido Ubicación habitual Ubicación actual Localización Fecha de creación Forma de adquisición Costo
840 B65 100027340 09/12/2025 Ej.1 03/02/2013 Libro   DEWEY     Libro   Claustro Claustro 2do piso 28/02/2003 Donación 1000.00
841 B64 100027416 09/12/2025 Ej.1 03/02/2013 Libro   DEWEY     Libro   Claustro Claustro 2do piso 28/02/2003 Donación 1000.00